Konflikty základných princípov medzinárodného zdanenia
Zdaňovanie na základe národnosti (štátnej príslušnosti). Zdaňovanie na základe princípu rezidencie. Zdaňovanie na základe princípu zdroja. Konflikty medzi princípmi: Princíp rezidencie a princíp národnosti (štátnej príslušnosti). Princíp rezidencie a zdroja. Princíp národnosti a princíp zdroja.
Salvato in:
| Autore principale: | |
|---|---|
| Natura: | Capitolo di libro |
| Lingua: | slovacco |
| Soggetti: | |
| Tags: |
Nessun Tag, puoi essere il primo ad aggiungerne!!
|
MARC
| LEADER | 00000naa$a2200000$$$4500 | ||
|---|---|---|---|
| 001 | 0022466 | ||
| 005 | 20221207121629.1 | ||
| 041 | 0 | |a slo | |
| 044 | |a SK | ||
| 245 | 1 | 0 | |a Konflikty základných princípov medzinárodného zdanenia |c Rastislav Dopiriak |
| 520 | |a Zdaňovanie na základe národnosti (štátnej príslušnosti). Zdaňovanie na základe princípu rezidencie. Zdaňovanie na základe princípu zdroja. Konflikty medzi princípmi: Princíp rezidencie a princíp národnosti (štátnej príslušnosti). Princíp rezidencie a zdroja. Princíp národnosti a princíp zdroja. | ||
| 610 | 2 | 0 | |a zdaňovanie |
| 610 | 2 | 0 | |a právo daňové |
| 610 | 2 | 0 | |a právo medzinárodné |
| 610 | 2 | 0 | |a systémy daňové |
| 610 | 2 | 0 | |a povinnosť daňová |
| 610 | 2 | 0 | |a rezidenti |
| 610 | 2 | 0 | |a konflikty |
| 610 | 2 | 0 | |a zdanenie dvojité |
| 100 | 1 | |a Dopiriak, Rastislav | |